Condiciones previas a desembolsos para desarrollo municipal -Préstamo A.I.D. 515-T-025-

שמור ב:
מידע ביבליוגרפי
מחבר תאגידי: Instituto de Fomento y Asesoría Municipal (Costa Rica)
פורמט: Texto
יצא לאור: San José: El Instituto
תגים: הוספת תג
אין תגיות, היה/י הראשונ/ה לתייג את הרשומה!

MARC

LEADER 00000 a a2200000 04500
001 14433
003
040
090 |a 023000  
110 |a Instituto de Fomento y Asesoría Municipal (Costa Rica)  
245 |a Condiciones previas a desembolsos para desarrollo municipal -Préstamo A.I.D. 515-T-025-  
260 |a San José:   |b El Instituto  
300 |a 54 p.  
999 |c 9502  |d 9502